LEADER 03657nam 22007215 450 001 9910349277303321 005 20251113193126.0 010 $a3-030-32236-X 024 7 $a10.1007/978-3-030-32236-6 035 $a(CKB)4100000009382607 035 $a(DE-He213)978-3-030-32236-6 035 $a(MiAaPQ)EBC5921850 035 $a(PPN)256283575 035 $a(EXLCZ)994100000009382607 100 $a20190928d2019 u| 0 101 0 $aeng 135 $aurnn|008mamaa 181 $ctxt$2rdacontent 182 $cc$2rdamedia 183 $acr$2rdacarrier 200 10$aNatural Language Processing and Chinese Computing $e8th CCF International Conference, NLPCC 2019, Dunhuang, China, October 9?14, 2019, Proceedings, Part II /$fedited by Jie Tang, Min-Yen Kan, Dongyan Zhao, Sujian Li, Hongying Zan 205 $a1st ed. 2019. 210 1$aCham :$cSpringer International Publishing :$cImprint: Springer,$d2019. 215 $a1 online resource (XXXII, 850 p. 603 illus., 202 illus. in color.) 225 1 $aLecture Notes in Artificial Intelligence,$x2945-9141 ;$v11839 300 $aIncludes index. 311 08$a3-030-32235-1 327 $aConversational Bot/QA/IR -- Knowledge graph/IE -- Machine Learning for NLP -- Machine Translation -- NLP Applications -- NLP for Social Network -- NLP Fundamentals -- Text Mining -- Short Papers -- Explainable AI Workshop -- Student Workshop -- Evaluation Workshop. . 330 $aThis two-volume set of LNAI 11838 and LNAI 11839 constitutes the refereed proceedings of the 8th CCF Conference on Natural Language Processing and Chinese Computing, NLPCC 2019, held in Dunhuang, China, in October 2019. The 85 full papers and 56 short papers presented were carefully reviewed and selected from 492 submissions. They are organized in the following topical sections: Conversational Bot/QA/IR; Knowledge graph/IE; Machine Learning for NLP; Machine Translation; NLP Applications; NLP for Social Network; NLP Fundamentals; Text Mining; Short Papers; Explainable AI Workshop; Student Workshop: Evaluation Workshop. . 410 0$aLecture Notes in Artificial Intelligence,$x2945-9141 ;$v11839 606 $aArtificial intelligence 606 $aInformation storage and retrieval systems 606 $aDatabase management 606 $aApplication software 606 $aMachine theory 606 $aArtificial Intelligence 606 $aInformation Storage and Retrieval 606 $aDatabase Management 606 $aComputer and Information Systems Applications 606 $aFormal Languages and Automata Theory 615 0$aArtificial intelligence. 615 0$aInformation storage and retrieval systems. 615 0$aDatabase management. 615 0$aApplication software. 615 0$aMachine theory. 615 14$aArtificial Intelligence. 615 24$aInformation Storage and Retrieval. 615 24$aDatabase Management. 615 24$aComputer and Information Systems Applications. 615 24$aFormal Languages and Automata Theory. 676 $a006.35 702 $aTang$b Jie$4edt$4http://id.loc.gov/vocabulary/relators/edt 702 $aKan$b Min-Yen$4edt$4http://id.loc.gov/vocabulary/relators/edt 702 $aZhao$b Dongyan$4edt$4http://id.loc.gov/vocabulary/relators/edt 702 $aLi$b Sujian$4edt$4http://id.loc.gov/vocabulary/relators/edt 702 $aZan$b Hongying$4edt$4http://id.loc.gov/vocabulary/relators/edt 801 0$bMiAaPQ 801 1$bMiAaPQ 801 2$bMiAaPQ 906 $aBOOK 912 $a9910349277303321 996 $aNatural Language Processing and Chinese Computing$91912515 997 $aUNINA